Dopingová aféra v príjmoch sektora domácností
Disproporcia medzi vývojom príjmov domácností a príjmov sektora podnikov v ekonomike SR. Príjmy sa v desaťročí 2012-2022 významne preskupovali v prospech domácností a v neprospech podnikov. Takáto reštrukturalizácia príjmov bola jedinečná v prostredí V4 - inde bola tendencia skôr opačná a nevýrazná....
Salvato in:
| Autore principale: | |
|---|---|
| Altri autori: | |
| Natura: | Capitolo di libro |
| Lingua: | slovacco |
| Soggetti: | |
| Tags: |
Nessun Tag, puoi essere il primo ad aggiungerne!!
|
MARC
| LEADER | 00000naa a2200000 4500 | ||
|---|---|---|---|
| 001 | 0303288 | ||
| 005 | 20240802082916.9 | ||
| 041 | 0 | |a slo | |
| 044 | |a SK | ||
| 245 | 1 | 0 | |a Dopingová aféra v príjmoch sektora domácností |c Karol Morvay, Martin Hudcovský |
| 520 | |a Disproporcia medzi vývojom príjmov domácností a príjmov sektora podnikov v ekonomike SR. Príjmy sa v desaťročí 2012-2022 významne preskupovali v prospech domácností a v neprospech podnikov. Takáto reštrukturalizácia príjmov bola jedinečná v prostredí V4 - inde bola tendencia skôr opačná a nevýrazná. Preskúmanie povahy pomerne silného rastu príjmov sektora domácností v náročnom „multikrízovom“ období po roku 2020. | ||
| 610 | 2 | 0 | |a príjmy domácností |
| 610 | 2 | 0 | |a mzdy |
| 610 | 2 | 0 | |a dávky |
| 610 | 2 | 0 | |a úroveň životná |
| 610 | 2 | 0 | |a porovnanie medzinárodné |
| 610 | 2 | 0 | |a kríza hospodárska |
| 610 | 2 | 0 | |a rast hospodársky |
| 610 | 2 | 0 | |a Vyšehradská štvorka |
| 100 | 1 | |a Morvay, Karol, 1973- | |
| 700 | 1 | |a Hudcovský, Martin, 1988- | |